| 000 | 00897nam a2200265 a 4500 | ||
|---|---|---|---|
| 001 | 8657 | ||
| 003 | BD-RjUL | ||
| 005 | 20211208234628.0 | ||
| 008 | 190226s1980 ohua b 001 0 eng | ||
| 020 | _a0538081309 | ||
| 035 | _a(BD-RjUL)8702 | ||
| 040 |
_aDLC _cDLC _dDLC _dBD-RjUL _beng |
||
| 041 | _aeng | ||
| 082 | 0 | 0 |
_a338.5 _223 _bAMP 1980 |
| 100 | 1 |
_aAmacher, Ryan C. _98150 |
|
| 245 | 1 | 0 |
_aPrinciples of micro-economics / _cRyan C. Amacher, Richard James Sweeney ; consulting editor, Lloyd M. Valentine. |
| 260 |
_aCincinnati, Ohio : _bSouth-Western Pub. Co., _cc1980. |
||
| 300 |
_axv, 448 p. : _bill. ; _c24 cm. |
||
| 504 | _aIncludes bibliographies and index. | ||
| 650 | 0 |
_aMicroeconomics. _9228661 |
|
| 700 | 1 |
_aSweeney, Richard J. _q(Richard James), _d1944- , jt. auth. _9228666 |
|
| 700 | 1 |
_aValentine, Lloyd M. , consulting ed. _9228667 |
|
| 942 |
_2ddc _cBK |
||
| 999 |
_c8657 _d8657 |
||